Đặc sắc tư duy thơ của Chế Lan Viên Luận văn tốt nghiệp Đại học Sư phạm văn Khóa 20

Αποθηκεύτηκε σε:
Λεπτομέρειες βιβλιογραφικής εγγραφής
Κύριος συγγραφέας: Lâm Trần Sơn Ngọc Thiên Chương
Μορφή: Βιβλίο
Γλώσσα:Undetermined
Έκδοση: Cần Thơ Trường Đại học Cần Thơ, Khoa Sư phạm, Bộ môn Ngữ văn 1998
Θέματα:
Ετικέτες: Προσθήκη ετικέτας
Δεν υπάρχουν, Καταχωρήστε ετικέτα πρώτοι!
Thư viện lưu trữ: Trung tâm Học liệu Trường Đại học Cần Thơ
LEADER 00785nam a2200193Ia 4500
001 CTU_23101
008 210402s9999 xx 000 0 und d
082 |a 808.1 
082 |b Ch561/1998 
100 |a Lâm Trần Sơn Ngọc Thiên Chương 
245 0 |a Đặc sắc tư duy thơ của Chế Lan Viên 
245 0 |b Luận văn tốt nghiệp Đại học Sư phạm văn Khóa 20 
245 0 |c Lâm Trần Sơn Ngọc Thiên Chương 
260 |a Cần Thơ 
260 |b Trường Đại học Cần Thơ, Khoa Sư phạm, Bộ môn Ngữ văn 
260 |c 1998 
650 |a vietnamese poetry - history and criticism 
904 |i Nguyễn Quang Điền, 980725 
980 |a Trung tâm Học liệu Trường Đại học Cần Thơ